Minoan Civilization - Statistics

General Stats
  • This quiz has been taken 33 times
  • The average score is 5 of 16
Answer Stats
Hint Answer % Correct
The island home to the Minoan Civilization Crete
100%
The mythical King who the Greeks believed to have ruled, giving Minoan Civilization its name Minos
83%
The still-undeciphered language, which later inspired the first writing of the Myceaneans Linear A script
65%
The north Cretan palace complex excavated by the previous man Knossos
61%
Rituals relating to another animals celebrated, frescoes depicting those were excavated from this civilization’s palace bull-leaping
52%
During this period of human history, the Minoan civilization flourished. The Greek Dark Ages began after the collapse of the civilizations from this period. Bronze Age
48%
The man who first identified the Minoan Civilization through his evacuation Arthur Evans
39%
This animal was hold along a cat by a bare breasted female, their commonly depicted goddess snake
30%
The animals that was depicted in a fresco with five of them jumping in the Queen’s Megaro Dolphins
22%
The clay disc discovered by Luigi Pernier, covered in still-undeciphered stamped hieroglyphs Phaistos Disc
13%
The Minoan Tombs of Odigitria was an early example of a this type of tomb beehive tomb
9%
This archaeologist, along with John Chadwick, deciphered a writing system descended from Minoan Civilization Michael Ventris
9%
This flowery patterns on polychrome pottery produced by Minoans, Kamares ware
4%
The worship of this Greek goddess of mountains and hunting was started by the Minoan civilization Britomartis
0%
The name of religious practice included worship at open air temple, stocked with clay representations of humans and animals peak sanctuaries
0%
The postulated mass volcanic eruption that caused civilization’s decline in the 15th century BCE. Theran Eruption
0%
No matching quizzes found
Score Distribution
Percent of People with Each Score
Percentile by Number Answered
Your Score History
You have not taken this quiz